[Event "Split op 2nd"]
[Site "Split"]
[Date "2012.08.17"]
[Round "7"]
[White "Podoba, Milan"]
[Black "Mondon, Fabrice"]
[Result "1-0"]
[WhiteElo "2145"]
[BlackElo "1965"]
[PlyCount "67"]
[EventDate "2012.08.11"]
[EventType "swiss"]
[EventRounds "9"]
[EventCountry "CRO"]
[SourceTitle "CBM 149 Extra"]
[Source "ChessBase"]
[SourceDate "2012.08.24"]
[SourceVersion "1"]
[SourceVersionDate "2012.08.24"]
[SourceQuality "1"]

1. e4 c5 2. Nf3 d6 3. d4 cxd4 4. Nxd4 Nf6 5. Nc3 a6 6. Bc4 e6 7. 0-0 Be7 8. Qf3 0-0 9. Qg3 Nc6 10. Nxc6 bxc6 11. Bh6 Ne8 12. Rad1 Bh4 13. Qg4 e5 14. Qh5 gxh6 15. g3 Qg5 16. Qxh4 Qxh4 17. gxh4 Rb8 18. b3 a5 19. f4 Be6 20. Bxe6 fxe6 21. fxe5 dxe5 22. Rxf8+ Kxf8 23. Rd7 Nf6 24. Rd6 Rb4 25. Rxe6 Nxe4 26. Nxe4 Rxe4 27. Rxc6 Rg4+ 28. Kf2 Rxh4 29. Kg3 Rh5 30. h4 Rf5 31. Rxh6 a4 32. Rxh7 axb3 33. cxb3 e4 34. Rc7 1-0

[Event "Syre Memorial op 34th"]
[Site "Issy les Moulineaux"]
[Date "2011.06.03"]
[Round "2"]
[White "Mondon, Fabrice"]
[Black "Kirszenberg, Marc"]
[Result "0-1"]
[WhiteElo "1995"]
[BlackElo "2176"]
[PlyCount "58"]
[EventDate "2011.06.03"]
[EventType "swiss"]
[EventRounds "6"]
[EventCountry "FRA"]
[SourceTitle "EXT 2012"]
[Source "ChessBase"]
[SourceDate "2011.11.24"]
[SourceVersion "1"]
[SourceVersionDate "2011.11.24"]
[SourceQuality "1"]

1. e4 d5 2. exd5 Nf6 3. d4 Nxd5 4. Nc3 Nc6 5. Bc4 Nb6 6. Bb5 e6 7. Nf3 Be7 8. Be3 0-0 9. Bxc6 bxc6 10. Ne5 Qe8 11. Qf3 Nd5 12. Qg3 Nxe3 13. fxe3 Rb8 14. 0-0-0 c5 15. Rhf1 f6 16. Ng4 Bd6 17. Qh4 Bb7 18. e4 cxd4 19. Rxd4 f5 20. Ne3 Bc5 21. exf5 Bxd4 22. Qxd4 exf5 23. Nxf5 Rf7 24. Qg4 Kh8 25. Ne2 Bc8 26. Neg3 Bxf5 27. Nxf5 Qe5 28. c3 Rbf8 29. Qb4 c5 0-1

[Event "Creon op 13th"]
[Site "Creon"]
[Date "2008.08.03"]
[Round "9"]
[White "Mondon, Fabrice"]
[Black "Mancini, Mario"]
[Result "0-1"]
[WhiteElo "1988"]
[BlackElo "2268"]
[PlyCount "100"]
[EventDate "2008.07.28"]
[EventType "swiss"]
[EventRounds "9"]
[EventCountry "FRA"]
[SourceTitle "CBM 125 Extra"]
[Source "ChessBase"]
[SourceDate "2008.09.01"]
[SourceVersion "1"]
[SourceVersionDate "2008.09.01"]
[SourceQuality "1"]

1. e4 c5 2. Nf3 e6 3. d4 cxd4 4. Nxd4 a6 5. Nc3 b5 6. Bd3 Bb7 7. 0-0 Bc5 8. Nb3 Ba7 9. Qf3 Nf6 10. Be3 Bxe3 11. Qxe3 d6 12. f4 Nbd7 13. Qf3 b4 14. Ne2 a5 15. Rad1 0-0 16. Ng3 a4 17. Nd2 Nc5 18. Nh5 Nxh5 19. Qxh5 Nxd3 20. cxd3 Qb6+ 21. Kh1 Qd4 22. Nc4 Bxe4 23. dxe4 Qxc4 24. Rxd6 Qxe4 25. Qd1 g6 26. Rd4 Qb7 27. Qd2 Rfb8 28. Rc1 Rc8 29. Rd1 Rab8 30. Rd7 Qb5 31. Qd4 Rc4 32. Qd6 Rf8 33. Qd3 Qc5 34. Qf3 Rc2 35. R7d2 Rxd2 36. Rxd2 Qc1+ 37. Qd1 Qxd1+ 38. Rxd1 Rc8 39. h3 Rc2 40. Rd8+ Kg7 41. Ra8 a3 42. bxa3 Rxa2 43. a4 b3 44. Rb8 Rxa4 45. g3 Ra1+ 46. Kg2 Rb1 47. h4 h5 48. Rb7 Kf6 49. Rb5 b2 50. Kh2 Ke7 0-1

[Event "Syre Memorial op 30th"]
[Site "Issy les Moulineaux"]
[Date "2007.05.19"]
[Round "5"]
[White "Depauw, Johan"]
[Black "Mondon, Fabrice"]
[Result "1-0"]
[WhiteElo "1770"]
[BlackElo "2004"]
[PlyCount "43"]
[EventDate "2007.05.17"]
[EventType "swiss"]
[EventRounds "6"]
[EventCountry "FRA"]
[SourceTitle "EXT 2008"]
[Source "ChessBase"]
[SourceDate "2007.11.25"]
[SourceVersion "1"]
[SourceVersionDate "2007.11.25"]
[SourceQuality "1"]

1. e4 c5 2. Nf3 Nc6 3. d4 cxd4 4. Nxd4 g6 5. Nc3 Bg7 6. Be3 Nf6 7. f3 0-0 8. Bc4 Qb6 9. Qd2 Nxe4 10. fxe4 Bxd4 11. Bxd4 Nxd4 12. 0-0-0 e5 13. Nd5 Qd8 14. Qh6 Ne6 15. h4 Kh8 16. Rhf1 f6 17. Nxf6 Rxf6 18. Bxe6 Qe7 19. Bc4 Qg7 20. Qg5 Rxf1 21. Rxf1 d5 22. Qd8+ 1-0

[Event "Chalkidiki op-A 2nd"]
[Site "Kallithea"]
[Date "2006.04.26"]
[Round "2"]
[White "Mondon, Fabrice"]
[Black "Markidis, Konstantinos"]
[Result "0-1"]
[WhiteElo "1996"]
[BlackElo "2367"]
[PlyCount "80"]
[EventDate "2006.04.25"]
[EventType "swiss"]
[EventRounds "9"]
[EventCountry "GRE"]
[SourceTitle "CBM 112 Extra"]
[Source "ChessBase"]
[SourceDate "2006.07.14"]
[SourceVersion "1"]
[SourceVersionDate "2006.07.14"]
[SourceQuality "1"]

1. e4 e5 2. Nf3 Nc6 3. Bb5 g6 4. c3 a6 5. Ba4 d6 6. 0-0 Bg7 7. d4 Bd7 8. Be3 Nge7 9. Nbd2 0-0 10. Bb3 h6 11. h3 Kh8 12. dxe5 dxe5 13. Nh2 Qe8 14. Qe2 b6 15. Rad1 Ng8 16. Bd5 f5 17. f4 Nf6 18. fxe5 Nxd5 19. exd5 Nxe5 20. Bd4 Bb5 21. Qe3 Bxf1 22. Rxf1 Nf7 23. Bxg7+ Kxg7 24. Qg3 Qe5 25. Qd3 Rad8 26. c4 Qxb2 27. Ndf3 Ne5 28. Nxe5 Qxe5 29. Nf3 Qf6 30. h4 Rfe8 31. h5 Re4 32. hxg6 Rde8 33. a4 a5 34. Rd1 Re3 35. Qf1 R8e4 36. Qf2 f4 37. Kf1 Rxc4 38. Nh4 Rce4 39. d6 cxd6 40. Qc2 Qxh4 0-1

[Event "Syre Memorial op 28th"]
[Site "Issy les Moulineaux"]
[Date "2005.05.06"]
[Round "3"]
[White "Hartereau, Philippe"]
[Black "Mondon, Fabrice"]
[Result "1-0"]
[WhiteElo "2247"]
[BlackElo "1972"]
[PlyCount "61"]
[EventDate "2005.05.05"]
[EventType "swiss"]
[EventRounds "6"]
[EventCountry "FRA"]
[SourceTitle "EXT 2007"]
[Source "ChessBase"]
[SourceDate "2006.11.23"]
[SourceVersion "1"]
[SourceVersionDate "2006.11.23"]
[SourceQuality "1"]

1. d4 Nf6 2. c4 e6 3. Nf3 c5 4. Nc3 cxd4 5. Nxd4 Nc6 6. Ndb5 d6 7. Bf4 e5 8. Bg5 a6 9. Bxf6 gxf6 10. Na3 f5 11. e3 Be6 12. Qd2 Rc8 13. Be2 Qg5 14. g3 Rg8 15. Nd5 Qd8 16. b4 Bh6 17. Nc2 Rg6 18. Rd1 Bxd5 19. Qxd5 Qb6 20. a3 Ne7 21. Qd2 Qc6 22. 0-0 f4 23. exf4 Bxf4 24. Qe1 Kd7 25. Bh5 Rg7 26. c5 Nf5 27. Qe2 d5 28. Bg4 Rg5 29. Bxf5+ Rxf5 30. Qg4 Ke6 31. Ne3 1-0

[Event "Calvia op 1st"]
[Site "Calvia"]
[Date "2004.11.07"]
[Round "7"]
[White "Astengo, Corrado"]
[Black "Mondon, Fabrice"]
[Result "1-0"]
[WhiteElo "2134"]
[BlackElo "1989"]
[PlyCount "39"]
[EventDate "2004.11.01"]
[EventType "swiss"]
[EventRounds "9"]
[EventCountry "ESP"]
[SourceTitle "EXT 2005"]
[Source "ChessBase"]
[SourceDate "2004.11.15"]
[SourceVersion "1"]
[SourceVersionDate "2004.11.15"]
[SourceQuality "1"]

1. e4 c5 2. Nf3 Nc6 3. d4 cxd4 4. Nxd4 g6 5. Nc3 Bg7 6. Be3 Nf6 7. Bc4 Qa5 8. 0-0 0-0 9. Bb3 d6 10. h3 Bd7 11. f4 Rfd8 12. Qf3 Nxd4 13. Bxd4 Qb4 14. Rad1 Bc6 15. Qe3 Qa5 16. e5 Nd5 17. Bxd5 Bxd5 18. b4 Qa6 19. Nxd5 dxe5 20. Bxe5 1-0

[Event "Calvia op 1st"]
[Site "Calvia"]
[Date "2004.11.04"]
[Round "4"]
[White "Mondon, Fabrice"]
[Black "Mora Menezo, Jesus Manuel"]
[Result "1-0"]
[WhiteElo "1989"]
[BlackElo "2237"]
[PlyCount "83"]
[EventDate "2004.11.01"]
[EventType "swiss"]
[EventRounds "9"]
[EventCountry "ESP"]
[SourceTitle "EXT 2005"]
[Source "ChessBase"]
[SourceDate "2004.11.15"]
[SourceVersion "1"]
[SourceVersionDate "2004.11.15"]
[SourceQuality "1"]

1. e4 c5 2. Nf3 d6 3. d4 cxd4 4. Nxd4 Nf6 5. Nc3 a6 6. Bc4 e6 7. Bb3 b5 8. f4 Be7 9. 0-0 0-0 10. a3 Bb7 11. Be3 Nxe4 12. Nxe4 Bxe4 13. f5 e5 14. Qg4 d5 15. Bh6 g6 16. fxg6 hxg6 17. Rae1 Nc6 18. Bxf8 Nxd4 19. Bxe7 Qxe7 20. Rxe4 Nxb3 21. Re2 Nc5 22. h4 Kg7 23. Ref2 Rf8 24. h5 Ne6 25. hxg6 fxg6 26. Rxf8 Nxf8 27. Rf3 Nd7 28. Rc3 Nf6 29. Qg5 a5 30. Qh4 e4 31. Rc8 e3 32. Rh8 Qd6 33. Qh6+ Kf7 34. Qxe3 Kg7 35. Ra8 Ng4 36. Qd4+ Nf6 37. Ra7+ Kh6 38. Rb7 Ne4 39. Qe3+ Ng5 40. Re7 Kh5 41. Re5 Qd8 42. Qh3# 1-0

[Event "Banyoles op 7th"]
[Site "Banyoles"]
[Date "2004.08.16"]
[Round "1"]
[White "Hoensch, Matthias"]
[Black "Mondon, Fabrice"]
[Result "1-0"]
[WhiteElo "2311"]
[BlackElo "1974"]
[PlyCount "77"]
[EventDate "2004.08.16"]
[EventType "swiss"]
[EventRounds "9"]
[EventCountry "ESP"]
[SourceTitle "EXT 2005"]
[Source "ChessBase"]
[SourceDate "2004.11.15"]
[SourceVersion "1"]
[SourceVersionDate "2004.11.15"]
[SourceQuality "1"]

1. Nf3 Nf6 2. c4 e6 3. g3 b6 4. Bg2 Bb7 5. 0-0 Be7 6. d4 0-0 7. d5 Na6 8. Nc3 Nc5 9. Nd4 a5 10. e4 e5 11. Nf5 d6 12. f4 Nfd7 13. Be3 Bf6 14. Qc2 Ba6 15. b3 Rb8 16. Rab1 Kh8 17. a3 g6 18. Nh6 exf4 19. gxf4 Bg7 20. Ng4 Nf6 21. Nxf6 Qxf6 22. Ne2 a4 23. bxa4 Ra8 24. a5 Rfb8 25. axb6 cxb6 26. Rfd1 Bc8 27. Bd4 Qe7 28. Bxg7+ Kxg7 29. Qc3+ f6 30. Nd4 Bd7 31. Re1 Ra6 32. e5 fxe5 33. fxe5 dxe5 34. Rxe5 Qh4 35. Re7+ Kh6 36. Qe3+ g5 37. Rxd7 Rf8 38. Rd6+ Kh5 39. Bf3+ 1-0